Fantrax 19-20 So far Quiz Stats

 Plays Quiz not verified by Sporcle

Support Sporcle.
Go Orange.
Score 0/40 Timer 05:00
0 Plays Today
Hint Answer % Correct
Tried to make a joke about not knowing what Autosubs we but actually didn't know what Autosubs wereAlly
100%
Plays the game only to feel included in the London sceneStefan
100%
Had Nathaniel Clyne in their team (long term injury), removed him, readded him, and then didn't use him as an autosubRobbie
100%
Traded away Tammy Abraham for JoelintonJamie
100%
Will complain about anythingAndrias
100%
The unluckiest fantrax player in the worldSteve
100%
Has hogged 4 top range strikers but has been unable to trade them away for other valuable assets due to ridiculous demandsAlly
100%
Must be respected. Must not be questionedJamie
100%
Seriously. This player is really unluckySteve
100%
A wolf in sheep's clothing: Will play it humble and nice but a ruthless killerLuke
100%
Used his number 1 waiver on a goalkeeper, having already owned a goalkeeper, and then traded him for a player who sits on the Villa BenchAlly
100%
Unknowingly possessed a player who was playing in the Turkish League for at least 2 weeksStef
100%
Doesn't quite believe in probability or statisticsMartin
100%
Will send, on average, 4 trade requests per dayJamie
100%
Forfeited their Number 1 Waiver pick for Ashley WestwoodMartin
75%
Removed Trezeguet for literally no one and then played a gameweek with one fewer player than the rest of the leagueAlly
75%
Dropped Joao 'wow' Cancelo, lost him, and traded another player of his just to bring cancelo back into his squad due to pride. Subsequently the player he traded away scoredAndrias
75%
Held on to Michael Keane for way too longMatt
75%
Believed hook, line, and sinker, that waivers were processed by time of waiver request, not waiver wire orderOllie
75%
Has Leroy Sane on their bench...Giles
75%
Hint Answer % Correct
Has now blown his number 1 pick in fantrax 3 years in a rowAndrias
75%
Believes that when a trade goes wrong for him, it is the fault of the other player or indeed the very notion of trades, as opposed to his own judgementAlly
75%
Has reportedly offered real money in exchange for fantrax playersRobbie
75%
Thinks Ruben Neves is a top 10 fantrax playerAlly
75%
Thinks Harvey Barnes is a top 10 fantrax playerSteve
75%
Thinks Oliver Norwood is a top 10 fantrax playerAndrias
75%
Traded away Pulisic who then scored a hattrick within 2 weeks of that tradeJames
75%
Has no loyalties to any player, will drop anyone in order to win a gameweekJames
75%
Just wants to stir the potOllie
75%
Drafted Leroy Sane as his second pick despite him being diagnosed with a cruciate ligament injury Robbie
75%
Is the only player to have been beaten by 100 points in one gameweekAlly
75%
Still owes money for being the only player to have been beaten by 100 points in one gameweekAlly
75%
Has been rumoured to ask his brother to throw a gameweek in order to consolidate his position in the leagueLuke
75%
Blocked someone from creating a pollJamie
75%
Has been extremely unlucky so farSteve
75%
Obsessed with Reece JamesAndrias
50%
Drafted Patrick Roberts (?!) Robbie
50%
Brought in an autosub (Chem Campbell) in order to get Aguero's points off the bench but already had an Autosub (Josh King) in his squadAlly
50%
Is the only person to have used the word 'C**T' in the league whatsapp groupLuke
50%
His team has scored the fewest goals so farJamie
25%

You're not logged in!

Compare scores with friends on all Sporcle quizzes.
OR
Log In

From the Vault

Disney After Dark

by Hejman

Even Disney movies can be a little risqué.
Remove Ads.
Support Sporcle.
Get the best of Sporcle when you Go Orange. This ad-free experience offers more features, more stats, and more fun while also helping to support Sporcle. Thank you for becoming a member.

Show Comments

Extras

Top Quizzes Today


Score Distribution

Your Account Isn't Verified!

In order to create a playlist on Sporcle, you need to verify the email address you used during registration. Go to your Sporcle Settings to finish the process.

Report this User

Report this user for behavior that violates our Community Guidelines.

Details: